<?xml version="1.0" encoding="UTF-8"?>
<record
    xmlns:xsi="http://www.w3.org/2001/XMLSchema-instance"
    xsi:schemaLocation="http://www.loc.gov/MARC21/slim http://www.loc.gov/standards/marcxml/schema/MARC21slim.xsd"
    xmlns="http://www.loc.gov/MARC21/slim">

  <leader>00696nam a22001937a 4500</leader>
  <datafield tag="999" ind1=" " ind2=" ">
    <subfield code="c">178877</subfield>
    <subfield code="d">178877</subfield>
  </datafield>
  <controlfield tag="005">20210422105251.0</controlfield>
  <datafield tag="010" ind1=" " ind2=" ">
    <subfield code="a">UR-11092</subfield>
  </datafield>
  <datafield tag="020" ind1=" " ind2=" ">
    <subfield code="c">700.00</subfield>
    <subfield code="a">-</subfield>
  </datafield>
  <datafield tag="035" ind1=" " ind2=" ">
    <subfield code="a">U-9647</subfield>
  </datafield>
  <datafield tag="037" ind1=" " ind2=" ">
    <subfield code="b">DBAD/PUB</subfield>
  </datafield>
  <datafield tag="082" ind1=" " ind2=" ">
    <subfield code="a">854</subfield>
  </datafield>
  <datafield tag="100" ind1=" " ind2=" ">
    <subfield code="a">&#x645;&#x648; &#x644;&#x641;:&#x633;&#x64A;&#x62F; &#x644;&#x637;&#x64A;&#x641; &#x62D;&#x633;&#x64A;&#x646; &#x627; &#x62F; &#x64A;&#x628;</subfield>
  </datafield>
  <datafield tag="245" ind1=" " ind2=" ">
    <subfield code="a">&#x62A;&#x632; &#x6A9;&#x631; &#x6C1; &#x621; &#x634;&#x639;&#x631; &#x627; &#x6D3; &#x628;&#x631; &#x64A;&#x644;&#x6CC;</subfield>
    <subfield code="c">&#x645;&#x648; &#x644;&#x641;:&#x633;&#x64A;&#x62F; &#x644;&#x637;&#x64A;&#x641; &#x62D;&#x633;&#x64A;&#x646; &#x627; &#x62F; &#x64A;&#x628;</subfield>
  </datafield>
  <datafield tag="246" ind1=" " ind2=" ">
    <subfield code="a">Tazkara-e-Shora-e-Bareilly (Urdu)</subfield>
    <subfield code="b">by Sayed Latif Husain Adeeb</subfield>
  </datafield>
  <datafield tag="260" ind1=" " ind2=" ">
    <subfield code="a">N.Delhi</subfield>
    <subfield code="c">2020 &#x621;</subfield>
    <subfield code="b">Applied Books </subfield>
  </datafield>
  <datafield tag="270" ind1=" " ind2=" ">
    <subfield code="a"> 1739/10,Ground Floor,New KohinoorHotel,Patodi House,Darya Ganj,</subfield>
    <subfield code="b">N.delhi</subfield>
    <subfield code="e">110002</subfield>
    <subfield code="l">-</subfield>
  </datafield>
  <datafield tag="300" ind1=" " ind2=" ">
    <subfield code="a">608 &#x635; </subfield>
    <subfield code="c">22 Cm(Hb)</subfield>
  </datafield>
  <datafield tag="942" ind1=" " ind2=" ">
    <subfield code="2">ddc</subfield>
    <subfield code="c">UR</subfield>
    <subfield code="h">854</subfield>
    <subfield code="m">&#x62A; &#x632; &#x6A9; </subfield>
  </datafield>
  <datafield tag="952" ind1=" " ind2=" ">
    <subfield code="0">0</subfield>
    <subfield code="1">0</subfield>
    <subfield code="4">0</subfield>
    <subfield code="7">0</subfield>
    <subfield code="8">NFIC</subfield>
    <subfield code="a">DBAD</subfield>
    <subfield code="b">L</subfield>
    <subfield code="d">2021-04-22</subfield>
    <subfield code="e">DBAD/PUB</subfield>
    <subfield code="g">700.00</subfield>
    <subfield code="l">0</subfield>
    <subfield code="o">854 &#x62A; &#x632; &#x6A9;</subfield>
    <subfield code="p">U-9647</subfield>
    <subfield code="r">2021-04-22 00:00:00</subfield>
    <subfield code="t">1</subfield>
    <subfield code="v">700.00</subfield>
    <subfield code="w">2021-04-22</subfield>
    <subfield code="y">UR</subfield>
  </datafield>
</record>
